1583 1726 1682 1625 1277 1646 1008 1624 1672 1596 1958 1130 1798 1093 1239 1331 1143 1178 1423 1370 1881 1309 1275 1780 1360 1158 1636 1136 1329 1622 1024 1390 1009 1992 1371 1132 1378 1139 1374 1600 1294 1052 1045 1363 1418 1944 1937 1609 1902 1378 1963 1524 1953 1995 1582 1061 1352 1806 1302 1773 1153 1161 1049 1036 1370 1223 1927 1673 1410 1206 1261 1869 1382 1011 1844 1404 1501 1087 1335 1501 1540 1037 1472 1345 1378 1875 1821 1253 1419 1887 1049 1260 1857 1100 1473 1897 1327 1479 1646 BCNSPRNW ULIB Ver.6.0+V

เปลี่ยนเป็นภาษาไทย

Change to English
 แสดงรายละเอียดบรรณานุกรม
  กลับหน้าหลัก

Brief Record : Get Marc (ISO 2709) : E-mail record : QR code < ปิดหน้าต่าง
LEADER : 00000nam 2200000uu 4500
001    13399122771
003     ULIB
008    130917s2555||||th 000 0 tha d
020    ^a9789740329855
060  0 ^aWM105^bว734ส
100    ^aวิไลลักษณ์ พงษ์โสภา
110    ^aจุฬาลงกรณ์มหาวิทยาลัย
245    ^aสุขวิทยาจิต = Mental Hygiene.
250    ^aพิมพ์ครั้งที่ 1
260    ^aจุฬาลงกรณ์มหาวิทยาลัย :^bกรุงเทพฯ,^c2555
300    ^a437 หน้า ภาพประกอบ;^b26 ซม.
650    ^aสุขวิทยาจิต
650    ^aการปรับตัว^b(จิตวิทยา)
650    ^aบุคลิกภาพ, การพัฒนา
650    ^aจิตผิดปกติ
710 1  ^aสำนักจุฬาลงกรณ์มหาวิทยาลัย
945    ^p330^l0^i20224
945    ^p330^l0^i20225
999    ^aทศพร เกษรทอง
รายการนี้ยังไม่มีแท็ก
คุณยังไม่ได้ล็อกอิน คุณสามารถมีกิจกรรมร่วมกับเว็บไซต์ได้ แต่ต้องล็อกอินก่อน ::
  ล็อกอิน

รายการสื่อสารสนเทศ

ลำดับที่ ประเภท เลขเรียก/บาร์โค้ด สถานที่ สถานะ
1. วิทยาศาสตร์การแพทย์ และสุขภาพ
วิทยาศาสตร์การแพทย์ และสุขภาพ
WM105 ว734ส ฉ.1 
  Barcode: 20224
ห้องสมุดวิทยาเขตนครสวรรค์
►ส่วนจัดเก็บหนังสือเก่า นว.
บนชั้น
  ขอยืม
2. วิทยาศาสตร์การแพทย์ และสุขภาพ
วิทยาศาสตร์การแพทย์ และสุขภาพ
WM105 ว734ส ฉ.2 
  Barcode: 20225
ห้องสมุดวิทยาเขตนครสวรรค์
►ส่วนจัดเก็บหนังสือเก่า นว.
บนชั้น
  ขอยืม

รายการใกล้เคียง
    ชื่อเรื่อง [สุขวิทยาจิต = Mental Hygiene.]

    ผู้แต่ง [วิไลลักษณ์ พงษ์โสภา]

    หัวเรื่อง [สุขวิทยาจิต]
    หัวเรื่อง [การปรับตัว (จิตวิทยา)]
    หัวเรื่อง [บุคลิกภาพ, การพัฒนา]
    หัวเรื่อง [จิตผิดปกติ]

BibComment


ยังไม่เคยถูกคอมเมนท์

คอมเมนท์ทรัพยากรรายการนี้
  คอมเมนท์: สุขวิทยาจิต Men..


 Copyright 2026. Bcnsprnw @Library